Foreign language teachers and intercultural competence : An international investigation (Record no. 1387549)

MARC details
000 -LEADER
fixed length control field 00766nam a2200229Ia 4500
005 - DATE AND TIME OF LATEST TRANSACTION
control field 20250508164216.0
008 - FIXED-LENGTH DATA ELEMENTS--GENERAL INFORMATION
fixed length control field 008 250505s9999 xx 000 0 eng d
020 ## - INTERNATIONAL STANDARD BOOK NUMBER
International Standard Book Number 1-85359-843-7
037 ## - SOURCE OF ACQUISITION
Stock number Reference
040 ## - CATALOGING SOURCE
Original cataloging agency FEDL
Language of cataloging eng
Transcribing agency FEDL
041 ## - LANGUAGE CODE
Language code of text/sound track or separate title eng
Source of code eng
084 ## - COLON CLASSIFICATION NUMBER
Classification number 418, SER
Assigning agency FEDL
100 ## - MAIN ENTRY--PERSONAL NAME
Personal name Sercu Lies (et.al)
9 (RLIN) 777683
245 #0 - TITLE STATEMENT
Title Foreign language teachers and intercultural competence : An international investigation
260 ## - PUBLICATION, DISTRIBUTION, ETC.
Place of publication, distribution, etc. Clevedon
Name of publisher, distributor, etc. Multilingual Matters Ltd.
Date of publication, distribution, etc. 2005
300 ## - PHYSICAL DESCRIPTION
Extent xi,219p.
365 ## - TRADE PRICE
Price type code GBP
Price amount 24.95
490 ## - SERIES STATEMENT
Series statement Languages for intercultural communication and education 10
650 ## - SUBJECT ADDED ENTRY--TOPICAL TERM
Topical term or geographic name entry element Multicultural education; Communicative competence
9 (RLIN) 777684
942 ## - ADDED ENTRY ELEMENTS (KOHA)
Koha item type Reference
Classification part 418, SER
Holdings
Withdrawn status Lost status Damaged status Not for loan Home library Current library Date acquired Cost, normal purchase price Total Checkouts Full call number Barcode Date last seen Price effective from Koha item type
        Department of Education Library Department of Education Library 2025-05-08 24.95   418, SER EL0081169 2025-05-08 2025-05-08 Reference
Copyright @ Delhi University Library System